[Event "Wch U20 53rd"]
[Site "Pune"]
[Date "2014.10.19"]
[Round "13"]
[White "Das, Sayantan"]
[Black "Abasov, Nijat Azad"]
[Result "1/2-1/2"]
[WhiteElo "2445"]
[BlackElo "2528"]
[Annotator "Abasov,N"]
[PlyCount "84"]
[EventDate "2014.10.06"]
[EventType "swiss"]
[EventRounds "13"]
[EventCountry "IND"]
[SourceTitle "EXT 2019"]
[Source "ChessBase"]
[SourceDate "2018.10.10"]
[SourceVersion "1"]
[SourceVersionDate "2018.10.10"]
[SourceQuality "1"]

1. e4 e5 2. Nf3 Nc6 3. Bb5 a6 {It was the first surprise for my opponent, he
mostly was expecting from me Berlin what I tried couple of times earlier in
this tournament} 4. Ba4 Nge7 $5 {Deffered Cozio. I have never played this
opening but I prepared it a year ago} 5. c3 g6 6. d4 exd4 7. cxd4 b5 8. Bc2 d5
9. exd5 Nxd5 10. O-O Be6 {I think we can call this move the Azerbaijani line:)
3 Azeri GMs (!) has developed the theory in this line. Besides me regularly
Mamedyarov and Durarbeyli used this variation in their arsenal} 11. Bg5 {
by playing} Be7 {I wanted to understand my opponent's mood, whether he is
ready for a fight or not. Also it was a novelty in classical games, although
only once Durarbayli played this move in Blitz World Championship in 2014
against Najer} 12. Bh6 (12. Bxe7 $5 $146 {Looks very interesting} Ndxe7 (12...
Ncxe7 13. Re1 O-O 14. Nbd2 $36 {[%cal Gd2e4]}) 13. Nc3 O-O 14. Re1 Bg4 15. d5
Bxf3 16. gxf3 $132) 12... Bf8 13. Qd2 {he refuses the repitition} ({In case
he'd play} 13. Bg5 {I'd follow Leko-Mamedyarov game with} Qd7 $5 14. a4 Rb8 15.
Nbd2 Bg7 16. Ne4 O-O 17. h3 Ndb4 18. Nc5 Qd6 19. Nxe6 fxe6 20. axb5 Nxd4 21.
Nxd4 Bxd4 22. Bb3 Rxf2 $132 {1/2 (42) Leko,P (2744)-Mamedyarov,S (2766) Zug
2013}) 13... Bxh6 14. Qxh6 Qd6 $146 {[%cal Gd6f4]} ({I remembered the ideas,
putting pressure over d4 pawn and always keeping the idea of exchanging Queens
with Qf4 but I simply forgot the accuracy} 14... Qf6 $1 {is much more precise})
15. Nc3 (15. a4 $5 b4 16. Nbd2 O-O-O $132) 15... O-O-O 16. Be4 (16. Ne4 $6 Qf4
$15) 16... f5 $1 17. Bxd5 Bxd5 18. Nxd5 Qxd5 19. Rfd1 Rd7 20. a4 b4 {I was
sort of happy with my position, despite not much pieces left on board, the
position seemed for me to be quite sharp and it requires accurate play from
both players. That was the main idea why I chose Deffered Cozio} 21. Rac1 Re8
22. Qd2 {By now, I was playing quick and confidently. Here I felt some danger
and spent quite a long time on finding the correct path to keep the balance in
position} Re4 ({another reasonable option was} 22... Re6 23. Qd3 Kb7 24. Rc4 {
but I didn't see in my calculations} Na5 $1 25. Rxb4+ ({now White would have
to admit wrongness of their last move and go back} 25. Rcc1 Rc6 $5 $36) 25...
Ka7 {[%cal Gc7c5] followed by c5} 26. Qc3 $5 c5 27. Rb5 axb5 28. Qxa5+ Ra6 29.
Qxb5 Rb7 $15 {with promising position for Black} (29... cxd4 $6 30. Nxd4 $11))
({on} 22... Kb7 {follows strong} 23. b3 $1 {and now it's not clear what to do}
Ka7 (23... Qxb3 {is worse due to} 24. d5 $16 {[%cal Gc1b1,Rb1b7] followed by
Rb1}) 24. h3 $36 {and Black lost the harmony in the position}) 23. Qd3 Kb7 24.
Rc4 g5 (24... Na5 $1 {Very strong accidental move. We both missed this
brilliant idea. After 24... -Na5 Black takes the initiative! Now White has got
2 options, moving the Rook back, or pick the principle line and take on b4,
both are good for Black} 25. Rxb4+ (25. Rcc1 c5 26. Rxc5 {otherwise c4 would
follow} Qxc5 27. dxc5 Rxd3 28. Rxd3 Kc7 $1 $15 {[%csl Rc5][%cal Ga5b7,Gb7c5,
Ge4e2]}) 25... Ka7 {[%csl Rb4] the rook is misplaced on b4} 26. Qd2 $1 (26. b3
c5 27. Rb6 Kxb6 28. dxc5+ Kc7 29. Qxd5 Rxd5 30. Rxd5 Nxb3 $17 {The endgame is
in favor of Black due to the falling 'a' and 'c' pawns of White}) (26. Qc3 c5
27. Rb5 axb5 28. Qxa5+ Kb8 $36) 26... Nc6 27. Rc1 Nxb4 28. Qxb4 c5 29. Rxc5 Rb7
$36 {[%cal Gd5b3]}) 25. Rdc1 ({interesting was} 25. h3 $5 {now I would have to
find} Na5 $1 {otherwise I'm worse} ({moves like} 25... h6 {lead to favorable
Rook ending for White} 26. Rdc1 Nxd4 27. Rxb4+ Nb5 28. Qxd5+ Rxd5 29. Rxe4 fxe4
30. axb5 exf3 31. bxa6+ Kxa6 32. Rxc7 Rd1+ 33. Kh2 fxg2 34. Kxg2 Rd6 {Black
can hold this or cannot. Position of White remains to be promising} 35. h4 $5)
26. Rxb4+ Ka7 27. Qc3 c5 28. Rb5 Nb7 $5 (28... axb5 29. Qxa5+ Kb8 30. Qxb5+ Rb7
31. Qxc5 Qxc5 32. dxc5 g4 33. Ng5 $11 {with drawish consequences}) 29. Rb3 g4
30. Ne1 Rxd4 31. Rxd4 Qxd4 32. hxg4 fxg4 $132) 25... Nxd4 $8 26. Rxb4+ Nb5 $8 {
now we enter the final stage of the game} 27. Qxd5+ (27. Qc3 $6 Qd1+ 28. Ne1
Rxb4 29. Qc6+ Kb8 30. Rxd1 Rxd1 31. Qe8+ Ka7 $17) 27... Rxd5 28. Rxe4 fxe4 29.
axb5 exf3 30. bxa6+ Kxa6 31. gxf3 c5 {I managed to calculate this line when
playing 22...-Re4. Despite being pawn down, the activity of my pieces and
White's extra pawn being doubled (in addition it's Rook endgame and extra pawn
often doesn't mean much here:) ) the position is drawn} 32. Kf1 Kb5 33. Ke2
Re5+ ({I was about to play} 33... Rd4 {but didn't like due to} 34. Rg1 h6 35.
Rg4 {Although it's also a draw, Black must be a bit accurate}) 34. Kd3 Rf5 35.
Ke3 Re5+ 36. Kd3 Rf5 37. Ke3 h6 (37... Kb4 $5) 38. h4 $1 {the easiest} Re5+ 39.
Kd3 Rd5+ 40. Ke3 Re5+ 41. Kd3 Rd5+ 42. Ke3 Re5+ {Conclusion: 1) In the opening
I should have played more precise 14...-Qf6! 2) In the middlegame I should
have seen the given chance 24...-Na5! But generally speaking, it was quite a
smooth game!} 1/2-1/2

[Event "NOR-chT 1314"]
[Site "Norway"]
[Date "2014.01.12"]
[Round "6.4"]
[White "Berg, Emanuel"]
[Black "Tisdall, Jonathan D"]
[Result "1-0"]
[WhiteElo "2535"]
[BlackElo "2421"]
[Annotator "Berg,E"]
[PlyCount "55"]
[EventDate "2013.11.01"]
[EventType "team-tourn"]
[EventRounds "9"]
[EventCountry "NOR"]
[SourceTitle "CBM 159"]
[Source "ChessBase"]
[SourceDate "2014.03.17"]
[SourceVersion "1"]
[SourceVersionDate "2014.03.17"]
[SourceQuality "1"]
[WhiteTeam "OSS"]
[BlackTeam "Asker"]
[WhiteTeamCountry "NOR"]
[BlackTeamCountry "NOR"]

1. e4 e5 2. Nf3 Nc6 3. Bb5 a6 4. Ba4 Nge7 {After a couple of encounters with
Jonathan in the Spanish this was no great surprise. Although he hadn't played
this move in this specific position beforehand the ideas are similar to the
ones after 4...g6, which he chose against me last time.} 5. c3 g6 6. d4 exd4 7.
cxd4 b5 8. Bc2 ({During the postmortem Tisdall mentioned the option} 8. d5 $5 {
as interesting. This has actually been played once following} bxa4 9. dxc6 Nxc6
{Here White has a few options at his disposal and this could definitely be
worth further investigation.} {The game from the database continued} 10. Qxa4 (
10. Nc3 $146 {This new move playing for quick development looks more
interesting to me as I think White really needs to do something pretty quick
in order to achieve an advantage. At the moment Black's position is slightly
vulnerable with moves like Nd5 and Bg5 coming up. A possible continuation is}
Bg7 11. Bg5 f6 12. Bf4 {when White has managed to close Black's bishop
diagonal and seems to have at least some minimal pressure.}) 10... Bg7 11. O-O
O-O 12. Nc3 Ne7 13. Bg5 h6 14. Bh4 g5 15. Bg3 d6 {with a balanced position in
0-1 (36) Grover,S (2515)-Dzhumaev,M (2485) Visakhapatnam 2011. This complex
position offer mutual chances but I would personally prefer Black here as he
has the long term trump of the pair of bishops.}) 8... d5 {The most logical
reply in my opinion. However} (8... Bg7 {is slightly more popular. Now there
might follow} 9. d5 Na5 10. Bd2 $1 {when White's score is huge. The tactics
work out well for White and Black will likely end up in a passive Benoni-like
position.} c5 (10... Nc4 11. Bc3 Bxc3+ 12. Nxc3 $14 {gives White a very strong
grip on the dark squares.}) ({Of course} 10... Bxb2 $146 {will only lead Black
into further difficulties after} 11. Bxa5 Bxa1 12. Nc3 {when White's activity
more than compensates for the exchange.}) 11. Bc3 $14) 9. exd5 Nxd5 (9... Nb4
10. Bb3 Bg7 11. O-O Nbxd5 12. Re1 O-O 13. Bg5 Qd6 14. Nbd2 $14 {turned out
well for White in 1-0 (33) Solodovnichenko,Y (2615)-Johannessen,L (2503)
Fagernes 2012}) 10. O-O Bg7 ({The alternative is} 10... Be6 11. Nc3 Bg7 12. Bg5
Nxc3 13. bxc3 Qd7 {1/2-1/2 (44) Sevian,S (2384)-Czebe,A (2458) Budapest 2013} {
Here} 14. Be4 $1 $146 {is a good improvement over 14.Nd2 with the possible
continuation} f5 15. Bc2 Na5 16. Re1 O-O 17. Ne5 $14 {when White holds an
advantage.}) 11. Nc3 $146 {This move was played in the belief that I was still
following my preparation. However this appears to be a novelty at this very
moment. A fully playable move but not the most testing for Black.} ({Instead} 
11. Bg5 $1 {is to be preferred putting Black under immediate pressure while
his king is still uncastled. Now Black has a few options to chose from.} Qd6 {
This has been played successfully by Iordachescu and is slightly more popular
than the others although the position in general is rather unexplored.} (11...
Nce7 12. Nc3 Qd6 $6 ({or} 12... Nxc3 13. bxc3 O-O 14. Re1 f6 15. Bd2 {
transposing to 11...f6.}) 13. a4 Nxc3 14. bxc3 Rb8 $2 (14... O-O 15. axb5 $16)
15. axb5 axb5 16. Bxe7 $16 {1/2-1/2 (40) Mastrovasilis,D (2618)-Blagojevic,D 
(2514) Istanbul 2012} ({Even stronger was} 16. Re1 $1 $146 {which gives White
a decisive advantage as Black will either lose material or be preented from
castling.} Be6 (16... Bf6 17. Bh6 $18 {Althouugh the material is still equal
Black is totally helpless against White's domination. One nice idea for White
is Nd2-e4.}) (16... f6 17. Bc1 $1 O-O (17... b4 18. Qe2 $18) 18. Ba3 b4 19.
Bxb4 Rxb4 20. cxb4 $18 {White is a full exchange up and is totally winning.})
17. Bxe7 Qxe7 18. d5 Rd8 19. dxe6 $1 Rxd1 20. exf7+ Kxf7 21. Raxd1 $18 {
White's many decisive threats will cost Black the queen for a rook after which
White is easily winning. After} Qa3 {preventing Bb3+ White wins after} 22. Rd7+
Kf6 (22... Kf8 23. Ng5 $18) 23. g4 $1 h6 24. h4 g5 25. Nd4 $18)) (11... f6 12.
Re1+ Nce7 13. Bd2 O-O 14. Nc3 Nxc3 15. bxc3 $14 {intending a4 was slightly
better for White in 1-0 (44) Baron,T (2473)-Popov,V (2548) St Petersburg 2013}
Bb7 16. a4 Nd5 17. Rb1 Bc6 18. Bd3 Qd7 19. Qb3 b4 20. c4 Bxa4 21. Qb2 Nc3 22.
Bxc3 bxc3 23. Qxc3 Rfe8 24. Qa5 f5 25. Rxe8+ Qxe8 26. Qxc7 Qd8 27. Qb7 Be8 28.
Ng5 Qc8 29. Qd5+ Kh8 30. c5 h6 31. Nf7+ Kh7 32. Nd6 Qc6 33. Qc4 Qa4 34. d5 Qa3
35. h4 Bb5 36. Nxb5 axb5 37. Rxb5 Ra4 38. Qc2 Rxh4 39. Bxf5 Qa1+ 40. Rb1 Qf6
41. Be4 Bf8 42. g3 Rg4 43. d6 Qd4 44. Bg2 Rxg3 45. Rd1 Rc3 46. Rxd4 Rxc2 47. c6
Rc1+ 48. Kh2 Bg7 49. d7 Be5+ 50. f4 {1-0 (50) Guliev,L (2464)-Abdulov,O (2334)
Baku 2011}) 12. Nbd2 {This move was played successfully by Swedish GM
Grandelius. However the alternatives are also interesting and it's hard to
give any clear favourite.} ({The move order} 12. Nc3 {was chosen by Adams but
leads to the same thing as Nbd2 after} O-O 13. Ne4 {transposing.}) ({However} 
12. Re1+ {is an independent option forcing Black to part with his bishop
before castling.} {Following} Be6 13. Nc3 Nxc3 14. bxc3 O-O 15. Nd2 Bd5 16. Ne4
Bxe4 17. Bxe4 $14 {White was better in 1/2-1/2 (47) Nijboer,F (2546)-Arnaudov,
P (2439) Dieren 2011. The pair of bishops secure an edge although Black is
pretty solid.}) 12... O-O 13. Ne4 Qd7 14. Re1 $1 {A strong flexible move which
slightly improves White's position while giving Black several ways to step in
the wrong direction.} (14. Bb3 {played by Adams is less critical although after
} Na5 15. Ne5 Qe6 16. Bxd5 Qxd5 {his position was promising in 0-1 (52) Adams,
M (2723)-Iordachescu,V (2636) Konya 2012. Now instead of the immediate Nf6+ he
should rather have gone for} 17. Qf3 $1 $146 Bb7 18. Nf6+ Bxf6 19. Qxd5 Bxd5
20. Bxf6 $36 {with some slight pressure for White in the endgame.}) 14... h6
15. Bh4 f5 $2 {Black has a difficult time but this clearly makes it even worse.
} (15... Nf4 $146 {would probably have been the lesser evil, followed by} 16.
Nc5 Qd6 17. Be4 $14 {with a continuous advantage for White.}) 16. Nc5 Qd6 17.
Bb3 {Suddenly Black's position is extremely critical and on the verge of
losing.} Kh7 18. Rc1 $16 {White was clearly better and probably already even
winning in: 1-0 (45) Grandelius,N (2576)-Tomazini,Z (2277) Kocaeli 2013} {
After the continuation} Na5 $2 {White's best would have been} 19. Bxd5 $146
Qxd5 20. Nd3 $18 {when White's activity and the many threats provide a
decisive advantage, e.g.} Bb7 21. Rxc7 Rac8 22. Rce7 $18) 11... Nxc3 (11... O-O
{was an alternative option. There might follow} 12. Bg5 Qd7 13. Re1 {with some
slight pressure for White.}) 12. bxc3 ({Now the intermediate move} 12. Re1+ $5
{was worth considering following} Be6 13. bxc3 O-O {when Black's bishop has
been forced to e6 compared to the game. Now one exciting continuation for
White is} 14. Ba3 Re8 15. Rxe6 $5 fxe6 (15... Rxe6 16. d5 $14) 16. Be4 Qd7 17.
Ng5 {when White's active piece play offers him full compensation for the
sacrificed material.}) 12... O-O 13. Re1 Bb7 14. Bg5 $1 {A good active move
trying to provoke the weakness ...f6 which would put the black bishop on g7
under a cloud.} Qd6 $6 {This appeared to be a rather unfortunate square for
the queen.} ({Instead} 14... Qd7 {looks somewhat better although here too
White has some initiaitve.} 15. Qd2) 15. Nd2 $1 {This knight manoeuvre to e4
secures an advantage for White.} Rae8 16. Ne4 Qd5 {Black hopes to achieve
counterplay along the a8-h1 diagonal and also creates the threat of ...Rxe4.
Here The position is full of options for White but during the game nothing
appeared to be very clear to me.} 17. Qd2 {White protects the bishop on g5 and
slowly builds up an attack. Now Nf6 might also soon become possible.} (17. Qf3
{might lead right into an endgame following} Na5 18. Nf6+ Bxf6 19. Qxd5 Bxd5
20. Bxf6 {when the game is about equal. White has the pair of bishops and has
a bind on the kingside but Black's light square control on the queenside
compensates.}) ({The forcing move} 17. Bb3 {would only help Black after} Qf5 {
and now} 18. g4 $2 {is a bit too optimistic as Black will soon achieve
dangerous counterplay agianst White's open king.}) (17. Bh6 {is a tactical way
to exchange off the dark squared bishops but does not look too critical for
Black after} Na5) 17... Na5 $6 {This might look logical in a way opening the
diagonal towards g2 and heading with the knight for the c4-square. However the
knight gets a bit offside and White receives a dangerous initiative.} ({Here} 
17... b4 $1 {would have been the most logical and best continuation. This
directly puts White under pressure. However there is a a good reply} 18. Bf6 $1
bxc3 19. Nxc3 $36 {keeping the initiative.}) 18. f3 {A slight weakness but
also a necessary move in order to give freedom to the white pieces. Now Nf6+
becomes a serious threat.} f5 {A logical reply in a way but it also weakens
Black's king and he soon end up in difficulties.} ({The alternative} 18... Re6
{also look troublesome after} 19. Nc5 ({or} 19. Bh4 $36 {with a continuous
strong initiaitve.}) 19... Rxe1+ 20. Rxe1 {Black is under heavy pressure and
the best seems to be grabbing the pawn with} Qxa2 {after which.} 21. Nd7 {
wins an exchange, e.g.} Nc4 22. Qe2 Qa5 23. Nxf8 Bxf8 $14 {with an obvious
advantage for White although Black is not without chances.}) 19. Nc5 b4 20.
Rxe8 $1 Rxe8 21. Re1 {A logical follow up which solves White's problem along
the diagonal h8-a1. However there was something even better available.} (21.
Rd1 $1 {would have lead to a more or less crucial advantage. There might follow
} Nc4 ({or} 21... bxc3 22. Qxc3 Kh8 23. Bh4 Re2 24. Kf1 Rxc2 25. Qxc2 $18) 22.
Qd3 Nb2 23. Qf1 $16 {[%cal Gc2b3] and the threat of Bb3 gives White a serious
advantage.}) 21... Bc6 (21... Rxe1+ 22. Qxe1 Bc6 23. Nb3 $1 $14) 22. Rxe8+ Bxe8
23. cxb4 Qxd4+ $2 {After this move Black's position again gets very critical.}
({Instead} 23... Bf7 $1 $132) ({or} 23... Nc4 24. Qe1 Qxd4+ 25. Kh1 Bf7 {
would have kept the game in balance.}) 24. Kh1 $1 {A strong move which is easy
to underestimate in time trouble.} Bb5 $4 {A serious blunder which loses
immediately. However Black's task was already difficult.} (24... Qxd2 {was to
be played when after} 25. Bxd2 Nc4 26. Bf4 a5 $14 {Black can still fight for a
draw.}) 25. Qxd4 Bxd4 26. Ne6 Nc6 27. Bb3 Bc3 28. a4 {Now a piece will be lost
for Black as a discovered check on either d8 or d4 is to follow.} 1-0

[Event "Poikovsky Karpov 17th"]
[Site "Poikovsky"]
[Date "2016.07.28"]
[Round "5"]
[White "Sutovsky, Emil"]
[Black "Bologan, Viktor"]
[Result "0-1"]
[WhiteElo "2622"]
[BlackElo "2654"]
[Annotator "Besenthal,K"]
[PlyCount "72"]
[EventDate "2016.07.23"]
[EventType "tourn"]
[EventRounds "9"]
[EventCountry "RUS"]
[EventCategory "18"]
[SourceTitle "CBM 174"]
[Source "ChessBase"]
[SourceDate "2016.09.13"]
[SourceVersion "1"]
[SourceVersionDate "2016.09.13"]
[SourceQuality "1"]

1. e4 e5 2. Nf3 Nc6 3. Bb5 a6 4. Ba4 Nge7 5. Bb3 d5 6. Nc3 Be6 7. Ng5 Nd4 8.
Nxe6 fxe6 9. exd5 Nxb3 10. axb3 exd5 11. d4 exd4 12. Qxd4 Nc6 13. Qxd5 Qxd5 14.
Nxd5 O-O-O 15. Ne3 Bc5 16. c3 Ne5 17. Ke2 Rhf8 18. Rf1 Nd3 19. g3 Rf7 20. b4
Bxe3 21. Bxe3 Nxb2 22. Rfe1 h6 23. h4 Nc4 24. Bd4 Nd6 25. Kf1 Nb5 26. Be5 Rd2
27. Bf4 Rc2 28. Rad1 b6 29. Re8+ Kb7 30. Red8 Kc6 31. R1d2 Rxc3 32. Rg8 Nd6 33.
Be5 $2 {Diagramm [#] Das funktioniert gar nicht.} (33. Bxd6 cxd6 34. Rc8+ Rc7
35. Rd8 Kb5 36. R8xd6 R7c6 37. Rd7 Kxb4 38. Rxg7 {halten die Computer auf den
ersten Blick noch für verteidigungsfähig - aber in der praktischen Partie
möchte man diese Stellung nicht als Weißer spielen!}) 33... Rc1+ $1 34. Ke2
Nc4 35. Bxg7 Re7+ 36. Kd3 Rd7+ {Diagramm [#] Ein ziemlich furchtbarer
"Kurzschluss"!} 0-1

[Event "Dilijan FIDE GP (Women)"]
[Site "Dilijan"]
[Date "2013.06.18"]
[Round "3"]
[White "Kosintseva, Tatiana"]
[Black "Stefanova, Antoaneta"]
[Result "0-1"]
[WhiteElo "2526"]
[BlackElo "2531"]
[Annotator "CB"]
[PlyCount "94"]
[EventDate "2013.06.16"]
[EventType "tourn"]
[EventRounds "11"]
[EventCountry "ARM"]
[EventCategory "11"]
[SourceTitle "CBM 155"]
[Source "ChessBase"]
[SourceDate "2013.07.16"]
[SourceVersion "1"]
[SourceVersionDate "2013.07.16"]
[SourceQuality "1"]

1. e4 e5 2. Nf3 Nc6 3. Bb5 Nge7 4. c3 a6 5. Ba4 g6 6. d4 exd4 7. cxd4 Bg7 8. d5
b5 9. Bc2 Nb4 10. Bb3 a5 11. a3 Na6 12. Nc3 b4 13. axb4 axb4 14. Ne2 d6 15. O-O
O-O 16. Nfd4 Bd7 17. Bg5 h6 {Now White carelessly plays} 18. Bh4 $2 {and after}
g5 19. Bg3 Nc5 20. Bc2 f5 21. exf5 Nxf5 22. Rb1 Qf6 {Black has developed a
strong initiative.} 23. Bxf5 Bxf5 24. Nxf5 Qxf5 25. h4 Rae8 $6 ({Now} 25...
gxh4 26. Bxh4 Qe4 27. Bg3 Rae8 {is simply winning.}) 26. hxg5 hxg5 27. Nd4 Qxd5
28. Nb5 Qxd1 29. Rfxd1 Rf7 30. Bxd6 cxd6 31. Nxd6 Re2 32. Nxf7 Kxf7 {
Kosintseva has traded her bishop and the knight for rook and pawn and is close
to making a draw.} 33. Rd5 Ne6 34. Rb5 Bd4 35. Rxb4 Bxf2+ 36. Kf1 Rc2 37. Ra1
Bc5 38. Rb7+ Kf6 39. b4 Rf2+ 40. Ke1 Rxg2 41. Ra6 Rb2 42. b5 $2 (42. Rb5 $1
Bf2+ 43. Kf1 g4 44. Rh5 Be3 45. Rh8 Rxb4 46. Rxe6+ Kxe6 47. Re8+ Kf5 48. Rxe3 {
was a draw.}) 42... g4 43. Rc7 Bb4+ 44. Kf1 g3 45. Rc4 Kf5 46. Rac6 Rf2+ 47.
Kg1 Ng5 0-1

[Event "AUT-ch"]
[Site "Voitsberg"]
[Date "1995.??.??"]
[Round "10"]
[White "Sinowjew, Juri"]
[Black "Wittmann, Walter"]
[Result "1/2-1/2"]
[WhiteElo "2330"]
[BlackElo "2380"]
[Annotator "ChessBase"]
[PlyCount "55"]
[EventDate "1995.??.??"]
[EventType "tourn"]
[EventRounds "15"]
[EventCountry "AUT"]
[EventCategory "5"]
[SourceTitle "CBM 049 Extra"]
[Source "ChessBase"]
[SourceDate "1996.01.01"]
[SourceVersion "1"]
[SourceVersionDate "1996.01.01"]
[SourceQuality "1"]

1. e4 e5 2. Nf3 Nc6 3. Bb5 a6 4. Ba4 b5 5. Bb3 Bc5 6. O-O d6 7. h3 h6 (7... Na5
$142) 8. c3 Qf6 9. d4 $1 exd4 10. Bd5 Nge7 11. cxd4 Bb6 12. Nc3 O-O (12... Bb7
$142) 13. Bxc6 Nxc6 14. Nd5 Qg6 15. Re1 Re8 16. Qd3 Bb7 17. Bd2 Nxd4 $1 18. Nh4
(18. Nxd4 Bxd5 $1) 18... Qh5 19. Nxb6 cxb6 20. Qxd4 Qxh4 21. Bc3 f6 22. Qxb6
Rab8 23. Qxd6 Rbd8 24. Qb6 Bxe4 $1 25. g3 Qh5 26. Rxe4 Rd1+ 27. Rxd1 Qxd1+ 28.
Re1 1/2-1/2